|
|
|
|
| LEADER |
00000nam0a2200000 4500 |
| 001 |
128547 |
| 005 |
20231031132837.0 |
| 035 |
|
|
|a (RuTPU)RU\TPU\book\139059
|
| 090 |
|
|
|a 128547
|
| 100 |
|
|
|a 20071229d1968 k y0rusy50 ca
|
| 101 |
0 |
|
|a rus
|
| 102 |
|
|
|a RU
|
| 105 |
|
|
|a a z 001zy
|
| 200 |
1 |
|
|a Морская поляриметрия
|f Д. Б. Канарейкин, В. А. Потехин, И. Ф. Шишкин
|
| 210 |
|
|
|a Ленинград
|c Судостроение
|d 1968
|
| 215 |
|
|
|a 328 с.
|c ил.
|
| 320 |
|
|
|a Библиогр.: с. 321-325.
|
| 610 |
1 |
|
|a морская поляриметрия
|
| 610 |
1 |
|
|a радиоволны
|
| 610 |
1 |
|
|a поляризация
|
| 610 |
1 |
|
|a описание
|
| 610 |
1 |
|
|a поляризационные методы
|
| 610 |
1 |
|
|a поляриметры
|
| 610 |
1 |
|
|a сверхвысокочастотные тракты
|
| 610 |
1 |
|
|a антенные устройства
|
| 610 |
1 |
|
|a волноводные тракты
|
| 610 |
1 |
|
|a поляриметрия
|
| 610 |
1 |
|
|a внешние факторы
|
| 675 |
|
|
|a 621.396.93
|v 3
|
| 700 |
|
1 |
|a Канарейкин
|b Д. Б.
|g Дмитрий Борисович
|
| 701 |
|
1 |
|a Потехин
|b В. А.
|g Владислав Александрович
|
| 701 |
|
1 |
|a Шишкин
|b И. Ф.
|g Игорь Федорович
|
| 801 |
|
1 |
|a RU
|b 63413507
|c 20071229
|g PSBO
|
| 801 |
|
2 |
|a RU
|b 63413507
|c 20080208
|g PSBO
|
| 942 |
|
|
|c BK
|